LEADER 01352nam a2200301 i 4500 001 000000049324 003 CaOOAMICUS 005 20190308144938.0 008 101124s1994 it u000 u ita u 013 $a20494 020 $a88-213-0291-1 040 $aSeMil$bita 100 1 $aFransoni, Luigi .$0(OLS)http://semarc/name/24427 245 10$aEpistolario /$cmons. Luigi Fransoni ; introduzione, testo critico e note a cura di Maria Franca Mellano. 260 $aRoma :$bLAS,$c1994. 300 $a345 p. ;$c24 cm. 490 0 $aFonti / Istituto storico salesiano, Roma. Serie 3 ;$v1 650 4$aVescovi torinesi.$0(OLS)http://semarc/subject/10168 700 1 $aMellano, Maria Franca,$d<1931-2019>.$0(OLS)http://semarc/name/870 773 0 $tScritti editi e inediti di salesiani.$dRoma : LAS, 1994.$kFonti / Istituto storico salesiano, Roma. Serie 3$w()33065 830 0$aFonti / Istituto storico salesiano, Roma. Serie 3 ;$v1.$0(OLS)http://semarc/title/419018 850 $aSeMil 852 $aSeMil$W1$xVenegono$y1$m3J VI 152$j15479$B15479$CSeMilBibl$Z2$F15479 $81 961 $aOmaggio: Scuola Cattolica 996 $6020$a88-213-0291-1$9(OLS)http://semarc/number/22737 996 $6245$aEpistolario$9(OLS)http://semarc/title/1211 996 $6260$aRoma :$bLAS$9(OLS)http://semarc/publisher/29900 LEADER 01234nam a2200241 i 4500 001 000000049321 003 CaOOAMICUS 005 20140107000000.0 008 140107s1995 it u000 u ita u 013 $a20491 040 $aSeMil$bita 100 1 $aGuillerand, Augustin <1877-1945>.$0(OLS)http://semarc/name/24426 245 10$aSan Giovanni :$buna lettura spirituale del quarto vangelo /$cAugustin Guillerand, introduzione di un certosino. 260 $aCinisello Balsamo :$bSan Paolo,$ccopyr. 1995. 300 $a446 p. ;$c21 cm. 490 0 $aSpiritualitā/Maestri. 2. serie ;$v24 500 $aTtraduzione dal francese (sui manoscritti originali, senza titolo) di C. Dadič Tramet e un certosino. 650 4$aBibbia. Nuovo Testamento. Vangelo secondo Giovanni - Commentari, studi, critica, interpretazioni.$0(OLS)http://semarc/subject/119 830 0$aSpiritualitā/Maestri. 2. serie ;$v24.$0(OLS)http://semarc/title/8688 850 $aSeMil 852 $aSeMil$W1$xVenegono$y1$m2W III 224$j209774$B223379$CSeMilBibl$Z2$F223379 $81 996 $6245$aSan Giovanni :$buna lettura spirituale del quarto vangelo$9(OLS)http://semarc/title/74946 996 $6260$aCinisello Balsamo :$bSan Paolo$9(OLS)http://semarc/publisher/30129